000 01154 a2200265 4500
001 25626
005 20260407155540.0
008 260407a1996 arg spa d
003 AR-UNSa-BCEJYS
040 _aAR-UNSa-BCEJYS
_bspa
_cAR-UNSa-BCEJYS
080 _a512
_xAlgebra
245 1 0 _aÁlgebra
020 _a968-880-680-3
250 _a4a. ed
264 1 _aMéxico :
_bPrentice-Hall Hispanoamericana
_c1996
300 _a590 p.
_c26 cm.
505 _a1. Fundamentos de álgebra - 2. Funciones lineales y cuadráticas con aplicaciones - 3. Funciones polinominales y racionales - 4. Círculos, otras curvas y el álgebra de las funciones - 5. Funciones exponenciales y logarítmicas - 6. Sistemas lineales, matrices y determinantes - 7. Secciones cónicas - 8. Sucesiones y series - 9. Permutaciones, combinaciones y probabilidad.
942 _cBK
590 _aniveau_biblio:m niveau_hierar:0
100 1 _aSobel, Max A.
700 1 _aLerner, Norbert
700 1 _aGonzález Pozo, Virgilio
700 1 _aIbarra Mercado, Víctor Hugo
856 4 1 _uhttps://biblioeco.unsa.edu.ar/pmb/images/libros/Algebra 4ed.jpg
_yImagen de portada
_qimage/jpeg
999 _c1409
_d1409